000 00478cam a22001457a 4500
008 180718b1957 xxu||||| |||| 00| 0 eng d
082 _aD49x73 H535
100 _aHiggins, Trumbull
245 _aWinston Churchill and the second front, 1940-1943
_cby Trumbull Higgins
260 _aNew York
_bOxford University Press
_c1957
300 _a281p.
650 _aStrategy
650 _aWorld War, 1939-1945 --Campaigns
650 _aChurchill, Winston, 1874-1965 --Military leadership
999 _c368100
_d368100